LEADER 00708nam0-22002771i-450- 001 990001225200403321 035 $a000122520 035 $aFED01000122520 035 $a(Aleph)000122520FED01 035 $a000122520 100 $a20000920d1966----km-y0itay50------ba 101 0 $aeng 200 1 $aFunctions of real variables$fR. Cooper. 210 $aLondon$cVan Nostrand$d1966. 610 0 $aFunzioni 610 0 $aVariabile reale 676 $a515 700 1$aCooper,$bR.$056919 801 0$aIT$bUNINA$gRICA$2UNIMARC 901 $aBK 912 $a990001225200403321 952 $a2-H-14$b6358$fMA1 959 $aMA1 996 $aFunctions of real variables$9343367 997 $aUNINA DB $aING01 LEADER 01292nam2-2200397---450- 001 990003380400203316 005 20100318112334.0 010 $a978-88-13-30215-3 035 $a000338040 035 $aUSA01000338040 035 $a(ALEPH)000338040USA01 035 $a000338040 100 $a20100318d2009----km-y0itay50------ba 101 $aita 102 $aIT 105 $a||||||||001yy 200 1 $aCausa e tipo del contratto di lavoro artistico$fDaniele Corvi 210 $aPadova$cCedam$d2009 215 $aXI, 152 p.$d24 cm 225 2 $a<> monografie di contratto e impresa$v122 410 0$1001000317032$12001$a<> monografie di contratto e impresa$v, 122 606 0 $aContratti di lavoro 676 $a344.4501542 700 1$aCORVI,$bDaniele$0607238 801 0$aIT$bsalbc$gISBD 912 $a990003380400203316 951 $aXXV.1. Coll. 7/ 62$b66594 G.$cXXV.1.Coll. 7/$d00168452 959 $aBK 969 $aGIU 979 $aFIORELLA$b90$c20100318$lUSA01$h1116 979 $aFIORELLA$b90$c20100318$lUSA01$h1117 979 $aFIORELLA$b90$c20100318$lUSA01$h1117 979 $aFIORELLA$b90$c20100318$lUSA01$h1119 979 $aFIORELLA$b90$c20100318$lUSA01$h1123 996 $aCausa e tipo del contratto di lavoro artistico$91127487 997 $aUNISA LEADER 01022nam0-2200337---450 001 990009958810403321 005 20201102113616.0 010 $a9780521195683 035 $a000995881 035 $aFED01000995881 035 $a(Aleph)000995881FED01 035 $a000995881 100 $a20150427d2014----km-y0itay50------ba 101 0 $aeng 102 $aUS 105 $aa-------001yy 200 1 $aTransport in the Atmosphere-Vegetation-Soil Continuum$fArnold F. Moene, Jos C. van Dam 210 $aNew York, NY$cCambridge Univ. Press$d2014 215 $aXII, 436 p.$cill.$d27 cm 610 0 $aInterazioni terreno-atmosfera 676 $a577.6$v22$zita 676 $a551.523$v23$zita 700 1$aMoene,$bArnold F.$0525039 701 1$aDam,$bJos C. van$0525040 801 0$aIT$bUNINA$gRICA$2UNIMARC 901 $aBK 912 $a990009958810403321 952 $a60 551.523 MOEA 2014$b14488$fFAGBC 959 $aFAGBC 996 $aTransport in the Atmosphere-Vegetation-Soil Continuum$9822727 997 $aUNINA